TOP 20 Most Dangerous Countries - Statistics

General Stats
  • This quiz has been taken 609 times
  • The average score is 14 of 20
Answer Stats
Score Country % Correct
3.806 Syria
89%
3.570 Iraq
88%
3.538 Afghanistan
84%
3.414 Somalia
80%
3.145 Pakistan
78%
3.079 Russia
78%
3.399 Yemen
77%
3.269 Sudan
75%
3.112 Democratic Republic of the Congo
74%
2.944 North Korea
71%
3.593 South Sudan
71%
3.200 Libya
69%
2.877 Nigeria
68%
2.651 Venezuela
65%
3.287 Ukraine
61%
3.354 Central African Republic
58%
2.656 Israel
57%
2.764 Colombia
54%
2.752 Lebanon
52%
2.710 Turkey
50%
No matching quizzes found
Score Distribution
Percent of People with Each Score
Percentile by Number Answered
Your Score History
You have not taken this quiz